<?xml version="1.0" encoding="UTF-8"?>
<record
    xmlns:xsi="http://www.w3.org/2001/XMLSchema-instance"
    xsi:schemaLocation="http://www.loc.gov/MARC21/slim http://www.loc.gov/standards/marcxml/schema/MARC21slim.xsd"
    xmlns="http://www.loc.gov/MARC21/slim">

  <leader>00199nam a2200085   4500</leader>
  <controlfield tag="001">1257918</controlfield>
  <controlfield tag="005">20260220125437.0</controlfield>
  <datafield tag="245" ind1=" " ind2=" ">
    <subfield code="a">YIRTICI KU&#x15E;LAR ZAMANI</subfield>
    <subfield code="c">AHMET &#xDC;M&#x130;T</subfield>
  </datafield>
  <datafield tag="260" ind1=" " ind2=" ">
    <subfield code="b">YAPI KRED&#x130; YAYINLARI</subfield>
  </datafield>
  <datafield tag="999" ind1=" " ind2=" ">
    <subfield code="c">1257918</subfield>
    <subfield code="d">1257918</subfield>
  </datafield>
</record>
